Paris : Dans quels arrondissements sont situées ces gares ? (EXTREME) - Statistiques

Statistiques générales
  • Ce quiz a été pris 34 fois
  • Le résultat moyen est 12 sur 32
Statistiques - réponses
Gare N° de l'arrondissement % Correct
Paris Bercy Bourgogne Pays d'Auvergne 12
61%
Paris Gare de Lyon 12
52%
Paris Gare du Nord 10
48%
Bibliothèque François Mitterrand 13
48%
Cité Universitaire 14
48%
Neuilly - Porte Maillot 17
48%
Luxembourg 05/06
43%
Musée d'Orsay 07
43%
Denfert Rochereau 14
43%
Paris Montparnasse 14/15
43%
Javel 15
43%
Pont du Garigliano - Hôpital Européen Georges Pompidou 15
43%
Porte de Clichy 17
43%
Châtelet Les Halles 01
39%
Paris Gare de l'Est 10
39%
Nation 11/12
39%
Paris Austerlitz 13
39%
Avenue du Président Kennedy - Maison de Radio-France 16
39%
Port Royal 05
35%
Invalides 07
35%
Pont de l'Alma 07
35%
Paris Saint-Lazare 08
35%
Champ de Mars - Tour Eiffel 15
35%
Pereire Levallois 17
35%
Rosa Parks 19
35%
Charles de Gaulle - Étoile 08/16/17
30%
Boulainvilliers 16
30%
Avenue Henri Martin 16
30%
Saint-Michel Notre-Dame 05
26%
Auber 09
26%
Avenue Foch 16
26%
Pont Cardinet 17
26%
Aucun quiz correspondant
Distribution des résultats
% des personnes avec chaque résultat
Percentile par nombre de réponses
Votre historique - résultats
Vous n’avez pas pris ce quiz